00627nam a2200205Ia 450000500170000000800410001702000150005808200210007324500840009426000380017830000140021665000110023065000120024165000120025365000170026570000210028294200060030395200970030999900150040620250115042853.0240331s9999 xx 000 0 und d a0415114837 bSAB22280a305.3 0aGender Reversals & Gender CulturesbAnthropological and Historical Perspectives aLondonaNew YorkbRoutledgec1996 axiii, 231 aGender aCulture aHistory aAnthropology aRamet, S. Peedt cL 001040708LaWERCLbWERCLcSSCd2024-03-31l0o 305.3 GENp2280r2024-03-31w2024-03-31yL c2049d2049